000 02770nam a22002417a 4500
003 BJBSDDR
005 20260414134829.0
007 ta
008 260414s2025 nyu||||| |||| 00| 0 eng d
020 _a9781250869548
020 _a1250869544
040 _bspa
_cBJBSDDR
041 _aeng
050 _bL635 2025
100 1 _aLeslie, Ian
_947941
245 1 0 _aJohn & Paul :
_ba love story in songs /
_cIan Leslie
260 _aNew York :
_bCeladon Books,
_c2025
300 _a viii, 436 pages :
_billustrations;
_c25 cm
505 _a Prologue: December 9, 1980 Come go with me I lost my little girl What'd I say Will you love me tomorrow Besame mucho Till there was you Please please me She loves you If I fell I don't want to spoil the party Ticket to ride Yesterday We can work it out In my life Tomorrow never knows Eleanor Rigby Here, there and everywhere Strawberry fields forever Penny Lane A day in the life Getting better I am the walrus Lady Madonna Yer blues Look at me Hey Jude Julia Martha my dear Get back Two of us Don't let me down The ballad of John and Yoko Oh! Darling The end God How do you sleep? Dear friend Jealous guy Let me roll it I saw her standing there Coming up (Just like) starting over Here today
520 _aohn Lennon and Paul McCartney knew each other for twenty-three years, from 1957 to 1980. This book is the myth-shattering biography of a relationship that changed the cultural history of the world. The Beatles shook the world to its core in the 1960's and, to this day, new generations continue to fall in love with their songs and their story. At the heart of this phenomenon lies the dynamic between John Lennon and Paul McCartney. Few other musical partnerships have been rooted in such a deep, intense and complicated personal relationship. John and Paul's relationship was defined by its complexity: compulsive, tender and tempestuous; full of longing, driven by jealousy. Like the band, their relationship was always in motion, never in equilibrium for long. John & Paul traces its twists and turns and reveals how these shifts manifested themselves in the music. The two of them shared a private language, rooted in the stories, comedy and songs they both loved as teenagers, and later, in the lyrics of Beatles songs. In John & Paul, acclaimed writer Ian Leslie uses the songs they wrote to trace the shared journey of these two compelling men before, during, and after The Beatles. Drawing on recently released footage and recordings, Leslie offers us an intimate and insightful new look at two of the greatest icons in music history, and rich insights into the nature of creativity, collaboration, and human intimacy
942 _2lcc
_n0
_cBK
946 _icmc
999 _c126809
_d126809